000 00575nam a22001817a 4500
005 20231109133144.0
008 231109b |||||||| |||| 00| 0 eng d
020 _a97804091225410 ; 9780409129250
041 _aEnglish
082 _a346.2 CHR
100 _aBradfield, GB
_lEnglish
245 _aChristie's Law of Contract in South Africa /
_cGB Bradfield
250 _aSeventh Edition
260 _aDurban :
_bLexisNexis (Pty) Ltd,
_c2016
300 _bxiii, 809 pages ;
_c25 cm.
650 _aLegal practice
_bLaw
942 _cBK
_6ALISON_BN_VRIES
999 _c486
_d486